[Event "Ilha Comprida Cabeca Memorial U2200"]
[Site "Ilha Comprida"]
[Date "2016.08.21"]
[Round "5.8"]
[White "Do Prado, Andressa Souza Brit"]
[Black "Deus Filho, Joaquim"]
[Result "1-0"]
[WhiteElo "1591"]
[BlackElo "1989"]
[PlyCount "97"]
[EventDate "2016.08.20"]
[EventType "swiss"]
[EventRounds "6"]
[EventCountry "BRA"]
[SourceTitle "EXT 2022"]
[Source "ChessBase"]
[SourceDate "2021.10.06"]
[SourceVersion "1"]
[SourceVersionDate "2021.10.06"]
[SourceQuality "1"]

1. d4 Nf6 2. c4 d6 3. Nc3 g6 4. e4 Bg7 5. f4 c5 6. Nf3 cxd4 7. Nxd4 0-0 8. Be2 Nc6 9. Be3 Qb6 10. Nxc6 Qxc6 11. Bd3 Ng4 12. Bg1 Re8 13. Qc2 Be6 14. Nd5 Bxd5 15. exd5 Qc7 16. h3 Nf6 17. Be3 Rac8 18. Rc1 Qa5+ 19. Qd2 Qxd2+ 20. Bxd2 e6 21. dxe6 Rxe6+ 22. Kf2 Ne4+ 23. Bxe4 Rxe4 24. b3 f5 25. Rhe1 Bd4+ 26. Kf3 Rce8 27. g4 Kf7 28. Rcd1 h6 29. Bb4 Bc5 30. Bd2 R8e6 31. Rxe4 fxe4+ 32. Ke2 e3 33. Bc1 g5 34. f5 Re4 35. Rd3 h5 36. Bxe3 hxg4 37. hxg4 Bxe3 38. Rxe3 Rxg4 39. Re6 Rd4 40. Ke3 Rd1 41. Rg6 d5 42. cxd5 Rxd5 43. Rxg5 Kf6 44. Rh5 b5 45. Ke4 Rd2 46. Rh6+ Kg7 47. Ra6 Re2+ 48. Kd5 Re7 49. f6+ 1-0

[Event "Cordeiropolis Freitas Levy Memorial"]
[Site "Cordeiropolis"]
[Date "2015.05.23"]
[Round "3"]
[White "Da Rocha, Jessica E Polsak"]
[Black "Do Prado, Andressa Souza Brit"]
[Result "0-1"]
[WhiteElo "1785"]
[BlackElo "1709"]
[PlyCount "72"]
[EventDate "2015.05.22"]
[EventType "swiss"]
[EventRounds "6"]
[EventCountry "BRA"]
[SourceTitle "CBM 166 Extra"]
[Source "ChessBase"]
[SourceDate "2015.06.18"]
[SourceVersion "1"]
[SourceVersionDate "2015.06.18"]
[SourceQuality "1"]

1. e4 c5 2. Nf3 d6 3. d4 cxd4 4. Qxd4 Nc6 5. Bb5 Bd7 6. Bxc6 Bxc6 7. Nc3 Nf6 8. Be3 g6 9. 0-0-0 Bg7 10. Qd2 Nxe4 11. Nxe4 Bxe4 12. Qb4 Bc6 13. Qb3 0-0 14. h4 Qc7 15. h5 Rfc8 16. hxg6 hxg6 17. Ng5 e6 18. Bf4 Bd5 19. Qe3 Qb6 20. c3 Rc6 21. Nxf7 Kxf7 22. Rh7 Rg8 23. Bh6 Qd8 24. Qg3 Qf6 25. Rd4 Qxd4 26. f4 Qg1+ 27. Kd2 Qxg2+ 28. Qxg2 Bxg2 29. Ke3 Bd5 30. Kf2 Bxa2 31. Kg3 Rb6 32. b4 Rc6 33. Bg5 Rh8 34. Rxh8 Bxh8 35. Bd8 Bxc3 36. b5 Rc5 0-1

[Event "Campinas IRT Mindcheck 1st"]
[Site "Campinas"]
[Date "2014.08.17"]
[Round "5.1"]
[White "Do Prado, Andressa Souza Brit"]
[Black "Brito, Erick de Paula"]
[Result "0-1"]
[WhiteElo "1616"]
[BlackElo "1879"]
[PlyCount "122"]
[EventDate "2014.08.16"]
[EventType "tourn"]
[EventRounds "10"]
[EventCountry "BRA"]
[SourceTitle "EXT 2022"]
[Source "ChessBase"]
[SourceDate "2021.10.06"]
[SourceVersion "1"]
[SourceVersionDate "2021.10.06"]
[SourceQuality "1"]

1. d4 d5 2. c4 e6 3. Nc3 Nf6 4. Bg5 Be7 5. e3 c6 6. Bd3 Nbd7 7. Nge2 dxc4 8. Bxc4 b5 9. Bd3 Bb7 10. 0-0 0-0 11. Rc1 h6 12. Bh4 Rc8 13. Ne4 Nxe4 14. Bxe7 Nxf2 15. Bxd8 Nxd1 16. Be7 Nxe3 17. Bxf8 Nxf1 18. Bxg7 Kxg7 19. Rxf1 a6 20. b4 Nf6 21. Nf4 Rd8 22. Ne2 a5 23. bxa5 Ra8 24. Bc2 Rxa5 25. Bb3 Nd5 26. Ng3 Nf6 27. Ne2 b4 28. Rf4 Ba6 29. Ng3 Bd3 30. Rf3 Bb1 31. Rf2 Nd5 32. Nh5+ Kg6 33. Ng3 Nc3 34. Rb2 Bxa2 35. Bxa2 Nxa2 36. Ne4 Nc3 37. Nc5 Rb5 38. Kf1 Kf6 39. Ke1 Ke7 40. Kd2 Kd6 41. Kd3 f5 42. Kc4 Nd5 43. Re2 Nf4 44. Rb2 h5 45. g3 Nd5 46. Re2 Nc7 47. Rb2 Rb6 48. Na4 Rb8 49. Nc5 Nd5 50. Re2 Re8 51. Na6 e5 52. Nxb4 Nxb4 53. Kxb4 Kd5 54. Kc3 exd4+ 55. Kd3 Rxe2 56. Kxe2 c5 57. Kf3 c4 58. Kf4 c3 59. Kxf5 c2 60. g4 hxg4 61. Kxg4 c1Q 0-1

[Event "Ribeira Valley op 9th"]
[Site "Registro"]
[Date "2013.08.03"]
[Round "9"]
[White "Do Prado, Andressa Souza Brit"]
[Black "Fischer Junior, Donaldo"]
[Result "0-1"]
[WhiteElo "1704"]
[BlackElo "1979"]
[PlyCount "70"]
[EventDate "2013.07.30"]
[EventType "swiss"]
[EventRounds "9"]
[EventCountry "BRA"]
[SourceTitle "CBM 155 Extra"]
[Source "ChessBase"]
[SourceDate "2013.08.26"]
[SourceVersion "1"]
[SourceVersionDate "2013.08.26"]
[SourceQuality "1"]

1. d4 d5 2. c4 c6 3. Nf3 Bf5 4. Nc3 e6 5. Qb3 Qc7 6. g3 dxc4 7. Qxc4 Nd7 8. Bf4 Bd6 9. Bxd6 Qxd6 10. Nh4 Ngf6 11. Nxf5 exf5 12. Bg2 0-0 13. 0-0 Rad8 14. Rfd1 h5 15. Qd3 g6 16. Rac1 a6 17. e3 Kg7 18. a4 h4 19. a5 Qb4 20. Ra1 hxg3 21. hxg3 Rh8 22. Ra4 Qd6 23. Ne2 Nc5 24. Qc2 Nxa4 25. Qxa4 Ng4 26. Qb3 Qe7 27. Nf4 Rd6 28. Qb4 g5 29. Nd3 Rh2 30. Nc5 Rdh6 31. Qxb7 Nxe3 32. Bxc6 Qxb7 33. Bxb7 Nxd1 34. Nxa6 Rxf2 35. Nc5 Rxb2 0-1

[Event "Ribeira Valley op 9th"]
[Site "Registro"]
[Date "2013.07.31"]
[Round "3"]
[White "Do Prado, Andressa Souza Brit"]
[Black "Massarioli, Felipe Alvarenga"]
[Result "0-1"]
[WhiteElo "1704"]
[BlackElo "2028"]
[PlyCount "86"]
[EventDate "2013.07.30"]
[EventType "swiss"]
[EventRounds "9"]
[EventCountry "BRA"]
[SourceTitle "CBM 155 Extra"]
[Source "ChessBase"]
[SourceDate "2013.08.26"]
[SourceVersion "1"]
[SourceVersionDate "2013.08.26"]
[SourceQuality "1"]

1. d4 d5 2. c4 c6 3. Nc3 Nf6 4. Nf3 a6 5. cxd5 cxd5 6. Qc2 Nc6 7. Bf4 e6 8. e3 Bd6 9. a3 Bxf4 10. exf4 Qa5 11. Bd3 Nb4 12. axb4 Qxa1+ 13. Nb1 Bd7 14. b3 Rc8 15. Qd2 Ne4 16. Qe3 Qb2 17. 0-0 0-0 18. Bxe4 dxe4 19. Qxe4 Bc6 20. Qe3 Bxf3 21. Qxf3 Rc1 22. Qd3 Qc2 23. Qxc2 Rxc2 24. g3 Rb2 25. Rc1 Rxb3 26. Nd2 Rxb4 27. Nf3 a5 28. f5 exf5 29. d5 Rb6 30. Ra1 Ra6 31. Rb1 a4 32. Rxb7 a3 33. Rb1 a2 34. Ra1 Rb8 35. Rxa2 Rxa2 36. Ne5 Rd8 37. Nc6 Rd7 38. Kg2 Kf8 39. Kf3 Rxd5 40. Nb4 Ra3+ 41. Kg2 Rd2 42. h3 Ra4 43. Nc6 Raa2 0-1

[Event "BRA-ch U20 Girls"]
[Site "Campinas"]
[Date "2011.04.21"]
[Round "2"]
[White "Do Prado, Andressa Souza Brit"]
[Black "Sena Moura, Danielle"]
[Result "1/2-1/2"]
[WhiteElo "1593"]
[BlackElo "1917"]
[PlyCount "66"]
[EventDate "2011.04.21"]
[EventType "swiss"]
[EventRounds "8"]
[EventCountry "BRA"]
[SourceTitle "CBM 142 Extra"]
[Source "ChessBase"]
[SourceDate "2011.06.27"]
[SourceVersion "1"]
[SourceVersionDate "2011.06.27"]
[SourceQuality "1"]

1. d4 d5 2. c4 e6 3. Nc3 c6 4. Nf3 dxc4 5. e4 b5 6. a4 Bb4 7. Be2 Bb7 8. 0-0 Bxc3 9. bxc3 Ne7 10. Ba3 a6 11. Ne1 Nd7 12. Nc2 0-0 13. Nb4 c5 14. Nc2 cxd4 15. Nxd4 bxa4 16. Bxc4 Re8 17. Re1 Nb6 18. Bd3 Qc7 19. Rb1 Rab8 20. e5 Nbc8 21. Qxa4 Nc6 22. Nxc6 Bxc6 23. Qxa6 Ra8 24. Bd6 Nxd6 25. exd6 Qxd6 26. Qc4 Red8 27. Red1 Bd5 28. Qh4 g6 29. Be4 Ra4 30. Rb4 Rxb4 31. cxb4 Rb8 32. Bxd5 exd5 33. Rb1 d4 1/2-1/2

[Event "Itu LCX 22nd"]
[Site "Itu"]
[Date "2011.03.30"]
[Round "6"]
[White "Grillo, Cloves Moises"]
[Black "Do Prado, Andressa Souza Brit"]
[Result "0-1"]
[WhiteElo "1725"]
[BlackElo "1593"]
[PlyCount "138"]
[EventDate "2011.03.23"]
[EventType "tourn"]
[EventRounds "11"]
[EventCountry "BRA"]
[SourceTitle "EXT 2022"]
[Source "ChessBase"]
[SourceDate "2021.10.06"]
[SourceVersion "1"]
[SourceVersionDate "2021.10.06"]
[SourceQuality "1"]

1. d4 d5 2. c4 e6 3. Nc3 Nf6 4. Bg5 Be7 5. e3 0-0 6. cxd5 exd5 7. Qc2 c6 8. Bd3 Nbd7 9. Nf3 Re8 10. 0-0 Nf8 11. Rab1 Bg4 12. Ne5 Bh5 13. h3 N6d7 14. Bxe7 Qxe7 15. Nxd7 Qxd7 16. b4 Bg6 17. b5 Rac8 18. Qd2 Bxd3 19. Qxd3 Ne6 20. Rb3 c5 21. Qd2 cxd4 22. exd4 Rc4 23. Ne2 Rec8 24. Rfb1 Rc2 25. Qd1 Rxe2 26. Qxe2 Nxd4 27. Qg4 Qxg4 28. hxg4 Nxb3 29. Rxb3 Rc1+ 30. Kh2 Rc2 31. a4 Rxf2 32. Rd3 Kf8 33. Rxd5 Rf4 34. Rd7 Rxa4 35. Rxb7 h6 36. Kg3 g6 37. Kf3 Kg7 38. Ke3 Rxg4 39. Rxa7 Rxg2 40. b6 Rb2 41. b7 h5 42. Kd4 g5 43. Kc5 h4 44. Kc6 Kg6 45. Ra8 g4 46. b8Q Rxb8 47. Rxb8 h3 48. Rh8 Kf5 49. Kd5 Kf4 50. Kd4 f5 51. Kd3 Kf3 52. Kd2 f4 53. Ke1 Kg2 54. Rh4 h2 55. Rxg4+ Kh3 56. Rxf4 h1Q+ 57. Ke2 Kg3 58. Rd4 Qf3+ 59. Kd2 Kf2 60. Rd3 Qc6 61. Rc3 Qd5+ 62. Kc2 Ke2 63. Kb2 Qd4 64. Kb3 Kd2 65. Rc2+ Kd3 66. Rb2 Qc4+ 67. Ka3 Qd4 68. Kb3 Qd5+ 69. Ka3 Kc3 0-1

[Event "Itu LCX 22nd"]
[Site "Itu"]
[Date "2011.03.29"]
[Round "5"]
[White "Milanelo, Carlos Alberto"]
[Black "Do Prado, Andressa Souza Brit"]
[Result "0-1"]
[WhiteElo "1698"]
[BlackElo "1593"]
[PlyCount "66"]
[EventDate "2011.03.23"]
[EventType "tourn"]
[EventRounds "11"]
[EventCountry "BRA"]
[SourceTitle "EXT 2022"]
[Source "ChessBase"]
[SourceDate "2021.10.06"]
[SourceVersion "1"]
[SourceVersionDate "2021.10.06"]
[SourceQuality "1"]

1. e4 c5 2. Nf3 d6 3. d4 cxd4 4. Nxd4 Nc6 5. Be3 Nf6 6. Nd2 g6 7. c4 Bg7 8. Rb1 0-0 9. Nxc6 bxc6 10. Be2 Qc7 11. b3 Bd7 12. f3 a5 13. 0-0 Rfd8 14. Qe1 d5 15. exd5 cxd5 16. Rd1 Rab8 17. cxd5 Nxd5 18. Bf2 Nc3 19. Rc1 Nxe2+ 20. Qxe2 Qd6 21. Bg3 e5 22. Nc4 Bb5 23. Rfd1 Bxc4 24. Qxc4 Qxd1+ 25. Rxd1 Rxd1+ 26. Kf2 Rbd8 27. Bh4 R8d2+ 28. Kg3 Rg1 29. Qc8+ Bf8 30. f4 Rgxg2+ 31. Kf3 Rxh2 32. Be7 e4+ 33. Kg3 Rdg2# 0-1

[Event "Itu LCX 22nd"]
[Site "Itu"]
[Date "2011.03.28"]
[Round "4"]
[White "Do Prado, Andressa Souza Brit"]
[Black "Faria, Marcio Roberto"]
[Result "1-0"]
[WhiteElo "1593"]
[BlackElo "1765"]
[PlyCount "79"]
[EventDate "2011.03.23"]
[EventType "tourn"]
[EventRounds "11"]
[EventCountry "BRA"]
[SourceTitle "EXT 2022"]
[Source "ChessBase"]
[SourceDate "2021.10.06"]
[SourceVersion "1"]
[SourceVersionDate "2021.10.06"]
[SourceQuality "1"]

1. d4 d5 2. c4 e6 3. Nf3 Nf6 4. Bg5 Be7 5. Nc3 Nbd7 6. e3 0-0 7. Bd3 c6 8. 0-0 Re8 9. Rc1 dxc4 10. Bxc4 Nd5 11. Bxe7 Qxe7 12. Re1 Nxc3 13. Rxc3 e5 14. dxe5 Nxe5 15. Nxe5 Qxe5 16. h3 Be6 17. Bxe6 Qxe6 18. a3 Rad8 19. Rd3 Qf6 20. Rxd8 Rxd8 21. Qc2 g6 22. b4 Rd6 23. Rd1 Qf5 24. Qe2 Rd7 25. g4 Qb5 26. Qc2 Rc7 27. Rd8+ Kg7 28. Qc3+ f6 29. Qd4 Qb6 30. Rd7+ Rxd7 31. Qxd7+ Kh6 32. h4 f5 33. gxf5 Qb5 34. f6 Qf5 35. Qxf5 gxf5 36. h5 b6 37. f4 c5 38. bxc5 bxc5 39. Kf2 c4 40. Ke2 1-0

[Event "Itu LCX 22nd"]
[Site "Itu"]
[Date "2011.03.25"]
[Round "3"]
[White "Abe, Nelson"]
[Black "Do Prado, Andressa Souza Brit"]
[Result "1-0"]
[WhiteElo "1838"]
[BlackElo "1593"]
[PlyCount "69"]
[EventDate "2011.03.23"]
[EventType "tourn"]
[EventRounds "11"]
[EventCountry "BRA"]
[SourceTitle "EXT 2022"]
[Source "ChessBase"]
[SourceDate "2021.10.06"]
[SourceVersion "1"]
[SourceVersionDate "2021.10.06"]
[SourceQuality "1"]

1. d4 d5 2. c4 e6 3. Nc3 Nf6 4. Bg5 Be7 5. e3 Nbd7 6. Nf3 0-0 7. Bd3 c6 8. 0-0 dxc4 9. Bxc4 Nd5 10. Bxe7 Qxe7 11. Rc1 Nxc3 12. Rxc3 e5 13. d5 cxd5 14. Qxd5 Kh8 15. Bb5 a6 16. Bxd7 Bxd7 17. Qxe5 Qxe5 18. Nxe5 Be6 19. a3 f6 20. Nf3 Rac8 21. Rfc1 Rfd8 22. Nd4 Bd7 23. f3 Kg8 24. Rc7 Kf8 25. R1c3 Rxc7 26. Rxc7 Bc8 27. b4 Re8 28. Kf2 f5 29. Nb3 h5 30. h4 b6 31. Kg3 Kg8 32. Kf4 Kh7 33. Nd4 Rf8 34. Kg5 Re8 35. Kxh5 1-0

[Event "Campinas Oficina do Estudante 21st LCX"]
[Site "Campinas"]
[Date "2010.10.23"]
[Round "11"]
[White "Do Prado, Andressa Souza Brit"]
[Black "Travessa, Diobel Gomes"]
[Result "1/2-1/2"]
[WhiteElo "1646"]
[BlackElo "1819"]
[PlyCount "32"]
[EventDate "2010.10.09"]
[EventType "tourn"]
[EventRounds "13"]
[EventCountry "BRA"]
[SourceTitle "EXT 2022"]
[Source "ChessBase"]
[SourceDate "2021.10.06"]
[SourceVersion "1"]
[SourceVersionDate "2021.10.06"]
[SourceQuality "1"]

1. e4 e5 2. Nf3 Nc6 3. Bb5 a6 4. Bxc6 dxc6 5. 0-0 Nf6 6. c3 Bd6 7. d3 0-0 8. Nbd2 Re8 9. Re1 Bg4 10. Nf1 Qd7 11. Ng3 Rad8 12. h3 Bxf3 13. Qxf3 c5 14. Be3 b5 15. a4 h6 16. axb5 axb5 1/2-1/2

[Event "Campinas Oficina do Estudante 21st LCX"]
[Site "Campinas"]
[Date "2010.10.20"]
[Round "9"]
[White "Milanelo, Carlos Alberto"]
[Black "Do Prado, Andressa Souza Brit"]
[Result "1-0"]
[WhiteElo "1870"]
[BlackElo "1646"]
[PlyCount "47"]
[EventDate "2010.10.09"]
[EventType "tourn"]
[EventRounds "13"]
[EventCountry "BRA"]
[SourceTitle "EXT 2022"]
[Source "ChessBase"]
[SourceDate "2021.10.06"]
[SourceVersion "1"]
[SourceVersionDate "2021.10.06"]
[SourceQuality "1"]

1. Nf3 Nf6 2. c4 e6 3. Nc3 d5 4. d4 Nbd7 5. Bg5 Be7 6. e3 0-0 7. Bd3 c5 8. 0-0 Qc7 9. cxd5 exd5 10. dxc5 Nxc5 11. Bxf6 Nxd3 12. Nxd5 Qd6 13. Bxe7 Qxd5 14. Bxf8 Kxf8 15. Ne1 Bf5 16. Nxd3 Bxd3 17. Re1 Rd8 18. Qa4 Bb5 19. Qxa7 Bc6 20. Qa3+ Rd6 21. e4 Qd2 22. e5 Qd5 23. Qxd6+ Qxd6 24. exd6 1-0

[Event "Campinas Oficina do Estudante 21st LCX"]
[Site "Campinas"]
[Date "2010.10.17"]
[Round "7"]
[White "Faria, Marcio Roberto"]
[Black "Do Prado, Andressa Souza Brit"]
[Result "0-1"]
[WhiteElo "1956"]
[BlackElo "1646"]
[PlyCount "46"]
[EventDate "2010.10.09"]
[EventType "tourn"]
[EventRounds "13"]
[EventCountry "BRA"]
[SourceTitle "EXT 2022"]
[Source "ChessBase"]
[SourceDate "2021.10.06"]
[SourceVersion "1"]
[SourceVersionDate "2021.10.06"]
[SourceQuality "1"]

1. d4 e6 2. Nc3 d5 3. e4 dxe4 4. Nxe4 Nc6 5. Bb5 Bd7 6. Nf3 Nf6 7. Nxf6+ Qxf6 8. 0-0 Bd6 9. c4 0-0-0 10. a3 Rdg8 11. b4 g5 12. Bxc6 Bxc6 13. b5 Bd7 14. c5 Bf4 15. Bxf4 gxf4 16. a4 Rg4 17. a5 Rhg8 18. g3 fxg3 19. hxg3 Bxb5 20. Re1 Bc6 21. Ne5 Rxg3+ 22. fxg3 Rxg3+ 23. Kh2 Qh4# 0-1

[Event "Campinas Oficina do Estudante 21st LCX"]
[Site "Campinas"]
[Date "2010.10.12"]
[Round "4"]
[White "Do Prado, Andressa Souza Brit"]
[Black "Santos, Luiz Sergio Jr"]
[Result "0-1"]
[WhiteElo "1646"]
[BlackElo "1645"]
[PlyCount "48"]
[EventDate "2010.10.09"]
[EventType "tourn"]
[EventRounds "13"]
[EventCountry "BRA"]
[SourceTitle "EXT 2022"]
[Source "ChessBase"]
[SourceDate "2021.10.06"]
[SourceVersion "1"]
[SourceVersionDate "2021.10.06"]
[SourceQuality "1"]

1. e4 c5 2. Nf3 d6 3. d4 cxd4 4. Nxd4 Nf6 5. Nc3 g6 6. Be2 Bg7 7. 0-0 0-0 8. Be3 Nc6 9. a3 Bd7 10. Qd2 Ng4 11. Bxg4 Bxg4 12. f3 Bd7 13. Rfd1 Ne5 14. Qe2 e6 15. Nb3 Qc7 16. Nd2 Bc6 17. Kh1 Rfd8 18. h3 d5 19. exd5 exd5 20. Bg1 d4 21. Nce4 d3 22. cxd3 Nxd3 23. Nc4 Bxe4 24. fxe4 Qxc4 0-1

[Event "Itu LCX 20th"]
[Site "Itu"]
[Date "2010.08.27"]
[Round "13"]
[White "Milanelo, Carlos Alberto"]
[Black "Do Prado, Andressa Souza Brit"]
[Result "1/2-1/2"]
[WhiteElo "1870"]
[BlackElo "1646"]
[PlyCount "26"]
[EventDate "2010.08.14"]
[EventType "tourn"]
[EventRounds "13"]
[EventCountry "BRA"]
[SourceTitle "EXT 2022"]
[Source "ChessBase"]
[SourceDate "2021.10.06"]
[SourceVersion "1"]
[SourceVersionDate "2021.10.06"]
[SourceQuality "1"]

1. e4 e5 2. Nf3 Nc6 3. d4 exd4 4. Nxd4 Bc5 5. Be3 Bb6 6. f3 Nf6 7. Nc3 0-0 8. Qd2 Nxd4 9. Bxd4 Bxd4 10. Qxd4 d6 11. Bd3 Re8 12. 0-0 c6 13. h3 Qb6 1/2-1/2

[Event "Itu LCX 20th"]
[Site "Itu"]
[Date "2010.08.19"]
[Round "8"]
[White "Oliveira, Silvio Eduardo"]
[Black "Do Prado, Andressa Souza Brit"]
[Result "1-0"]
[WhiteElo "2368"]
[BlackElo "1646"]
[PlyCount "105"]
[EventDate "2010.08.14"]
[EventType "tourn"]
[EventRounds "13"]
[EventCountry "BRA"]
[SourceTitle "EXT 2022"]
[Source "ChessBase"]
[SourceDate "2021.10.06"]
[SourceVersion "1"]
[SourceVersionDate "2021.10.06"]
[SourceQuality "1"]

1. e4 c6 2. d4 d5 3. e5 Bf5 4. Nc3 e6 5. g4 Bg6 6. Nge2 h6 7. Nf4 Bb4 8. Nxg6 fxg6 9. Bd3 Ne7 10. f4 Nd7 11. f5 exf5 12. gxf5 0-0 13. f6 Nc8 14. Bxg6 Nxf6 15. exf6 Qxf6 16. Qg4 Nd6 17. Bd2 Qf2+ 18. Kd1 Nc4 19. Bc1 Ne3+ 20. Bxe3 Qxe3 21. Re1 Qf3+ 22. Qxf3 Rxf3 23. Kd2 Raf8 24. a3 Bd6 25. h4 Bf4+ 26. Kd1 Rf2 27. Ne2 Be3 28. h5 Rh2 29. c3 Rff2 30. Kc2 Rxe2+ 31. Rxe2 Rxe2+ 32. Kd3 Rxb2 33. Kxe3 Kf8 34. Kd3 Rf2 35. Re1 Rf3+ 36. Kc2 Rf2+ 37. Kb3 Kg8 38. Re8+ Rf8 39. Re7 Rb8 40. a4 a5 41. Rc7 Kf8 42. Kc2 Kg8 43. Kd3 Kf8 44. Ke3 Kg8 45. Kf4 Rf8+ 46. Ke5 Rb8 47. Kd6 Kf8 48. Rf7+ Kg8 49. Kc7 Ra8 50. Kxb7 Rd8 51. Kxc6 Rc8+ 52. Kxd5 Rxc3 53. Ra7 1-0

[Event "Itu LCX 20th"]
[Site "Itu"]
[Date "2010.08.18"]
[Round "7"]
[White "Do Prado, Andressa Souza Brit"]
[Black "Freitas, Romeu Salvador"]
[Result "0-1"]
[WhiteElo "1646"]
[BlackElo "2145"]
[PlyCount "38"]
[EventDate "2010.08.14"]
[EventType "tourn"]
[EventRounds "13"]
[EventCountry "BRA"]
[SourceTitle "EXT 2022"]
[Source "ChessBase"]
[SourceDate "2021.10.06"]
[SourceVersion "1"]
[SourceVersionDate "2021.10.06"]
[SourceQuality "1"]

1. d4 Nf6 2. Nf3 d5 3. c4 e6 4. cxd5 exd5 5. Nc3 c6 6. Bf4 Bd6 7. Bxd6 Qxd6 8. e3 0-0 9. Bd3 Bg4 10. h3 Bh5 11. 0-0 Nbd7 12. Qe2 Rfe8 13. Rac1 Ne4 14. Rfd1 Ng5 15. Bf5 Nxf3+ 16. gxf3 Nf8 17. Bg4 Bxg4 18. hxg4 Ng6 19. Kg2 Nf4+ 0-1

[Event "Itu LCX 19th"]
[Site "Itu"]
[Date "2010.05.22"]
[Round "8"]
[White "Do Prado, Andressa Souza Brit"]
[Black "Travessa, Diobel Gomes"]
[Result "0-1"]
[WhiteElo "1594"]
[BlackElo "1651"]
[PlyCount "138"]
[EventDate "2010.05.15"]
[EventType "tourn"]
[EventRounds "11"]
[EventCountry "BRA"]
[SourceTitle "EXT 2022"]
[Source "ChessBase"]
[SourceDate "2021.10.06"]
[SourceVersion "1"]
[SourceVersionDate "2021.10.06"]
[SourceQuality "1"]

1. d4 Nf6 2. Nc3 g6 3. e4 d6 4. Be2 Bg7 5. Nf3 0-0 6. 0-0 e5 7. dxe5 dxe5 8. Qxd8 Rxd8 9. Bg5 Re8 10. Rad1 h6 11. Be3 Be6 12. Bb5 c6 13. Be2 Nbd7 14. h3 Nh5 15. Rfe1 Nb6 16. Bxb6 axb6 17. a3 Nf4 18. Bf1 Bf6 19. Nd2 b5 20. Ne2 Kg7 21. Nxf4 exf4 22. e5 Be7 23. Ne4 Bf5 24. Bd3 Rad8 25. Nf6 Bxf6 26. exf6+ Kxf6 27. Rxe8 Rxe8 28. Bxf5 Kxf5 29. Rd7 Re1+ 30. Kh2 f6 31. Rxb7 Re2 32. Kg1 Rxc2 33. f3 h5 34. b4 g5 35. Rg7 Ra2 36. Rc7 Rc2 37. Kh2 Kg6 38. Rc8 Rc3 39. Rc7 f5 40. Rc8 g4 41. hxg4 hxg4 42. fxg4 fxg4 43. Rg8+ Kf5 44. Rf8+ Ke4 45. Re8+ Kd4 46. Rf8 f3 47. gxf3 Rxf3 48. Rc8 g3+ 49. Kg2 Rc3 50. Kg1 Kd3 51. Kg2 Kc2 52. Kh3 Kb2 53. Kg2 Rxa3 54. Rxc6 Kb3 55. Kxg3 Kxb4+ 56. Kf2 Kb3 57. Ke2 b4 58. Kd2 Ra2+ 59. Kc1 Rh2 60. Rc8 Rh1+ 61. Kd2 Kb2 62. Rc7 b3 63. Rc8 Rh7 64. Rd8 Ka2 65. Ra8+ Kb1 66. Rc8 b2 67. Kd1 Rd7+ 68. Ke2 Ra7 69. Kd2 Ka1 0-1

[Event "Itu LCX 19th"]
[Site "Itu"]
[Date "2010.05.22"]
[Round "9"]
[White "Freitas, Romeu Salvador"]
[Black "Do Prado, Andressa Souza Brit"]
[Result "1-0"]
[WhiteElo "2119"]
[BlackElo "1594"]
[PlyCount "49"]
[EventDate "2010.05.15"]
[EventType "tourn"]
[EventRounds "11"]
[EventCountry "BRA"]
[SourceTitle "EXT 2022"]
[Source "ChessBase"]
[SourceDate "2021.10.06"]
[SourceVersion "1"]
[SourceVersionDate "2021.10.06"]
[SourceQuality "1"]

1. e4 e5 2. Nf3 Nc6 3. Bb5 a6 4. Ba4 Nf6 5. 0-0 Bc5 6. c3 d6 7. d4 Ba7 8. dxe5 Nxe4 9. exd6 cxd6 10. Qd5 0-0 11. Qxe4 Bd7 12. Bc2 f5 13. Qd5+ Kh8 14. Na3 b5 15. Bf4 Qf6 16. Qxd6 Qxd6 17. Bxd6 Rf6 18. Bf4 Re8 19. Rfe1 h6 20. h4 b4 21. Nc4 Be6 22. Nce5 Nxe5 23. Nxe5 Bb6 24. Nc6 Rc8 25. Nxb4 1-0